00465nam a22001692 4500001001100000005001700011008004100028020001700069040001500086100003100101245004900132250001200181260004200193300001600235650004100251852000300292000002356620151217152244.0130228s xx 000 0 eng d a0813815879 : aKABUcKABU1 aBhujel, Ram C.@000018303510aStatistics for aquaculture /cRam C. Bhujel. a1st ed. aThailand :bWiley - Blackwell,c2008. axiv, 222 p. 0aAquaculturexStatistics.@00001830361